| 000 | 00774nam a22002777a 4500 | ||
|---|---|---|---|
| 001 | BR6002536 | ||
| 003 | BR-BrBNA | ||
| 005 | 20230928083130.0 | ||
| 007 | ta | ||
| 008 | 230509b bl.||||| |||| 00| 0 por d | ||
| 040 |
_aBR-BrBNA _bpor _cBiblioteca Nacional de Agricultura |
||
| 041 | _a(Por) | ||
| 072 |
_aL10; L00 _b5213 _b/G514 |
||
| 090 | _ 5213 BR6002536 | ||
| 100 | 1 | _aBorges, O.A. | |
| 245 | 1 | _aO zebu do Brasil. Como conhece-lo, como melhora-lo, como emprega-lo [Bos indicus] | |
| 260 | 3 |
_aUbera, MG (Brasil): _bTriangulo, _c1946. |
|
| 300 | _a253 p. | ||
| 650 | _aMelhoramento genetico animal | ||
| 650 | _aProducao animal | ||
| 650 | _aGado zebu | ||
| 650 | _aRaca | ||
| 650 | _aGado de corte | ||
| 909 |
_a202309 _bLucia _c55 _dLucia Elande |
||
| 942 | _cBK | ||
| 999 |
_c11735 _d11735 |
||